00499nam a22001818a 4500008004100000020002200041100002000063245003800083250001200121260003900133300003400172500002000206504004100226650002300267003000100290005001700291040000900308  a0412322803 (pbk.)1 aThorne, Anne P.10aSpectrophysics /cAnne P. Thorne. a2nd ed. aLondon :bChapman and Hall,c1988. axvi, 390 p. :bill. ;c24 cm. aIncludes index. aIncludes bibliographical references. 0aSpectrum analysis.20230123134113.0 cNUST